000 01018nam a22003017a 4500
001 000537
003 DO-SdBPM
005 20250725130934.0
007 ta
008 161010b2000 sp ||| 00| 0 spa d
020 _a8489140995
040 _aDO-SdBPM
_bspa
_cBPMSU
_erda
082 4 _aR423.61
_bD545i 2000
_222
245 0 0 _aDiccionario Inglés Nauta:
_benglish - spanish, español - inglés. /
_ccompilado por Ricardo Jordana Puigninós, Paul J. Chamberlain
264 _aBarcelona :
_bEdiciones Nauta,
_c2000
300 _aCLIII, 409 páginas ;
_c26 cm.
336 _atexto
_btxt
_2rdacarrier
337 _asin mediación
_bn
_2rdamedia
338 _avolumen
_bnc
_2rdacarrier
590 _aInventariado,
650 7 _aInglés
_vDiccionarios
650 7 _aEspañol
_xInglés.
_vDiccionarios
700 1 _a Jordana Puigninós, Ricardo
_ecompilado
700 1 _aChamberlain, Paul J.
_ecompilador
710 2 _aEdiciones Nauta
910 _aLOPEREZ/VMateo V. Control de calidad BPMSU
942 _2ddc
_cBK
999 _c15271
_d15271